01321nam a2200265 a 450000100100000000500170001000800410002704000250006808200190009310000420011224500610015426000360021530000210025152001530027250000420042550400330046759000260050065000600052665000440058691000380063095201310066895201170079995201220091699900170103800003590920200930074718.0111115s2011 dr ac r 000 0 spa d aDO-SdBNPbspacBNPHU a796.323bR696p1 aRodríguez Escarramán, Alex96190914aPor los aros del mundo /cAlex Rodríguez Escarramán. aSanto Domingo :b[s.n.,c2011]. a225 p. ;c23 cm. aSe presentan los resultados de las selecciones de baloncesto de República Dominicana 1946-2010, estadísticas individuales y equipos dominicanos. aIncluye datos biográficos del autor aBibliografía : p. 225-226. aInventariado, 2018/BT 4aBaloncestozRepública DominicanaxBiografías961910 4aDeporteszRepública Dominicana919547 aValidado. Control de calidad. EMS 001054708DSaGRbGRcHDd2011-11-16iLF1l0o796.323 R696pp35909-30r2020-06-25te.3w2020-06-25yLFDSZPréstamo en sala 0010718PDaPDbPDcHDd2011-11-15iLF1l0o796.323 R696pp35909-10r2020-06-25w2020-06-25yLFPDZNo se presta 0010718PDaPDbPDcHDd2011-11-15iLF1l0o796.323 R696pp35909-20r2020-06-25te.2w2020-06-25yLFPDZNo se presta c35400d35400